Poder local y guetos urbanos : las relaciones entre el derecho urbans̕tico, la segregacin̤ espacial y la sostenibilidad social /

Bibliographic Details
Main Author: Ponce Sol,̌ Juli
Corporate Author: Instituto Nacional de Administracin̤ Pb︢lica (Espaą)
Format: Book
Language:Spanish
Published: Barcelona : Fundaci ̤Carles Pi i Sunyer d'Estudis Autonṃics i Locals [etc.], 2002.
Series:Estudios / Instituto Nacional de Administracin̤ Pb︢lica.
Subjects:
Online Access:Acceso restringido

MARC

LEADER 00000cam a2200000 i 4500
005 20110714114813.0
008 040130s2002 sp 000 0 spa d
017 |a D.L.M53362-02 
020 |a 8470883763 
035 |a 5635 
040 |a SP-BaPL  |d SP-BaPL  |d BUS  |d vLex 
080 |a 349.44:316.48 
090 |c 2224  |d 2224 
100 1 |a Ponce Sol,̌ Juli. 
245 1 0 |a Poder local y guetos urbanos :  |b las relaciones entre el derecho urbans̕tico, la segregacin̤ espacial y la sostenibilidad social /  |c Juli Ponce Sol ̌  |h [Recurso electrn̤ico] 
256 |a Servicio en ln̕ea. 
260 |a Barcelona :  |b Fundaci ̤Carles Pi i Sunyer d'Estudis Autonṃics i Locals [etc.],  |c 2002. 
300 |a 219 p. ;  |c 24 cm. 
490 1 |a Estudios / Instituto Nacional de Administracin̤ Pb︢lica. 
504 |a Bibliog. 
506 1 |a Contenido solo disponible en los productos indicados  |d vLex Global  |d vLex Global (Academic Edition, excluding Law Schools)  |d vLex Global (U.S. Academic Edition, Law Schools)  |d vLex Global (U.S. Academic Edition, excluding Law Schools)  |d vLex Global (Academic Edition, Law Schools) 
650 0 4 |a Urbanismo  |x Derecho. 
650 0 4 |a Segregacin̤. 
710 2 |a Instituto Nacional de Administracin̤ Pb︢lica (Espaą) 
740 0 |a vLex Libros (Servicio en ln̕ea) 
810 2 |a Instituto Nacional de Administracin̤ Pb︢lica (Espaą).  |t Estudios. 
856 4 0 |u http://vlex.com/source/poder-local-guetos-urbanos-5635  |z Acceso restringido 
942 |c BOOK